LEADER 02034nam 2200589 a 450 001 9910461512503321 005 20200520144314.0 010 $a1-61324-534-3 035 $a(CKB)2670000000099687 035 $a(EBL)3019396 035 $a(SSID)ssj0000522248 035 $a(PQKBManifestationID)12199681 035 $a(PQKBTitleCode)TC0000522248 035 $a(PQKBWorkID)10528463 035 $a(PQKB)11067246 035 $a(MiAaPQ)EBC3019396 035 $a(Au-PeEL)EBL3019396 035 $a(CaPaEBR)ebr10670961 035 $a(OCoLC)740448215 035 $a(EXLCZ)992670000000099687 100 $a20100111d2010 uy 0 101 0 $aeng 135 $aur|n|---||||| 181 $ctxt 182 $cc 183 $acr 200 00$aEffective teaching for intended learning outcomes in science and technology (metilost)$b[electronic resource] /$fJ. Bernardino Lopes, J. Paulo Cravino, and A. A. Silva, editors 210 $aNew York $cNova Science$dc2010 215 $a1 online resource (131 p.) 225 1 $aEducation in a competitive and globalizing world 300 $aDescription based upon print version of record. 311 $a1-60876-958-5 320 $aIncludes bibliographical references and index. 410 0$aEducation in a competitive and globalizing world series. 606 $aScience$xStudy and teaching (Higher) 606 $aTechnology$xStudy and teaching (Higher) 606 $aEffective teaching 608 $aElectronic books. 615 0$aScience$xStudy and teaching (Higher) 615 0$aTechnology$xStudy and teaching (Higher) 615 0$aEffective teaching. 676 $a507.1/1 701 $aLopes$b J. Bernardino$0856960 701 $aCravino$b J. Paulo$0856961 701 $aSilva$b A. A.$f1956-$0856962 801 0$bMiAaPQ 801 1$bMiAaPQ 801 2$bMiAaPQ 906 $aBOOK 912 $a9910461512503321 996 $aEffective teaching for intended learning outcomes in science and technology (metilost)$91913754 997 $aUNINA